[Event "Muensterland Regionalliga 2122"]
[Site "Germany"]
[Date "2021.10.02"]
[Round "1.5"]
[White "Kuhlenbaeumer, Willi"]
[Black "Rothkegel, Juergen"]
[Result "0-1"]
[WhiteElo "1924"]
[BlackElo "1882"]
[PlyCount "52"]
[EventDate "2021.??.??"]
[EventType "team"]
[EventRounds "11"]
[EventCountry "GER"]
[SourceTitle "Verband Muensterland"]
[SourceDate "2021.10.03"]
[SourceVersion "1"]
[SourceVersionDate "2021.10.03"]
[SourceQuality "1"]
[WhiteTeam "Bocholt"]
[BlackTeam "Gronau"]
[WhiteTeamCountry "GER"]
[BlackTeamCountry "GER"]

1. e4 c5 2. Nf3 d6 3. d4 cxd4 4. Nxd4 Nf6 5. Nc3 a6 6. Be2 e5 7. Nb3 Be6 8. Bg5
Be7 9. O-O Nbd7 10. h3 O-O 11. Be3 b5 12. a4 b4 13. Nd5 Bxd5 14. exd5 Nb6 15.
Bxb6 Qxb6 16. Qd3 e4 17. Qg3 Nxd5 18. Rad1 Nc7 19. Nd4 Bf6 20. Nf5 Be5 21. Qg4
Rae8 22. Rxd6 Qc5 23. b3 g6 24. Rd7 h5 25. Qg5 Ne6 26. Qh6 Bf4 0-1

[Event "Muensterland Regionalliga 2122"]
[Site "Germany"]
[Date "2021.10.02"]
[Round "1.6"]
[White "Tsoukkerman, Boris"]
[Black "Hunhoff, Andreas"]
[Result "1/2-1/2"]
[WhiteElo "1855"]
[BlackElo "1783"]
[PlyCount "49"]
[EventDate "2021.??.??"]
[EventType "team"]
[EventRounds "11"]
[EventCountry "GER"]
[SourceTitle "Verband Muensterland"]
[SourceDate "2021.10.03"]
[SourceVersion "1"]
[SourceVersionDate "2021.10.03"]
[SourceQuality "1"]
[WhiteTeam "Gronau"]
[BlackTeam "Bocholt"]
[WhiteTeamCountry "GER"]
[BlackTeamCountry "GER"]

1. d4 f5 2. b4 Nf6 3. Bb2 e6 4. a3 b6 5. Nf3 Be7 6. g3 Bb7 7. Bg2 O-O 8. O-O
Ne4 9. Nfd2 Nd6 10. Bxb7 Nxb7 11. c4 Bf6 12. Qb3 Nc6 13. e3 Ne7 14. Nc3 Nd6 15.
c5 Nf7 16. f4 Qe8 17. Nf3 Kh8 18. cxb6 axb6 19. Ne5 Nd6 20. a4 c6 21. Rfc1 Ne4
22. Nxe4 fxe4 23. Nc4 Nd5 24. Nd2 Qh5 25. Re1 1/2-1/2

[Event "Muensterland Regionalliga 2122"]
[Site "Germany"]
[Date "2021.10.02"]
[Round "1.7"]
[White "Buessing, Olaf"]
[Black "Reinhold, Klaus"]
[Result "1/2-1/2"]
[WhiteElo "1767"]
[BlackElo "1813"]
[PlyCount "35"]
[EventDate "2021.??.??"]
[EventType "team"]
[EventRounds "11"]
[EventCountry "GER"]
[SourceTitle "Verband Muensterland"]
[SourceDate "2021.10.03"]
[SourceVersion "1"]
[SourceVersionDate "2021.10.03"]
[SourceQuality "1"]
[WhiteTeam "Bocholt"]
[BlackTeam "Gronau"]
[WhiteTeamCountry "GER"]
[BlackTeamCountry "GER"]

1. e4 e5 2. f4 Bc5 3. Nf3 d6 4. Nc3 Nc6 5. Bc4 Nf6 6. d3 O-O 7. Na4 Bg4 8. Nxc5
dxc5 9. O-O Bxf3 10. Qxf3 b5 11. Bb3 c4 12. dxc4 bxc4 13. Ba4 Nd4 14. Qe3 exf4
15. Rxf4 c5 16. c3 Ne6 17. Rf5 Qd3 18. Rf3 1/2-1/2

[Event "Muensterland Regionalliga 2122"]
[Site "Germany"]
[Date "2021.10.02"]
[Round "1.8"]
[White "Kloenne, Tim"]
[Black "Boeing, Frank"]
[Result "1/2-1/2"]
[WhiteElo "1817"]
[BlackElo "1777"]
[PlyCount "34"]
[EventDate "2021.??.??"]
[EventType "team"]
[EventRounds "11"]
[EventCountry "GER"]
[SourceTitle "Verband Muensterland"]
[SourceDate "2021.10.03"]
[SourceVersion "1"]
[SourceVersionDate "2021.10.03"]
[SourceQuality "1"]
[WhiteTeam "Gronau"]
[BlackTeam "Bocholt"]
[WhiteTeamCountry "GER"]
[BlackTeamCountry "GER"]

1. c4 e6 2. Nc3 Nf6 3. Nf3 b6 4. g3 Bb7 5. Bg2 Be7 6. O-O O-O 7. Qc2 c5 8. Rd1
Nc6 9. e3 Rc8 10. d4 Qc7 11. Qe2 Ba6 12. Nb5 Qb8 13. b3 d5 14. a4 Na5 15. cxd5
Nxd5 16. Qb2 Rfd8 17. Bd2 Nc6 1/2-1/2

[Event "Muensterland Regionalliga 2122"]
[Site "Germany"]
[Date "2021.10.02"]
[Round "1.1"]
[White "Jansen, Dirk Norbert"]
[Black "Eiersbrock, Robin"]
[Result "0-1"]
[WhiteElo "1954"]
[BlackElo "2017"]
[PlyCount "34"]
[EventDate "2021.??.??"]
[EventType "team"]
[EventRounds "11"]
[EventCountry "GER"]
[SourceTitle "Verband Muensterland"]
[SourceDate "2021.10.03"]
[SourceVersion "1"]
[SourceVersionDate "2021.10.03"]
[SourceQuality "1"]
[WhiteTeam "Muenster SK IV"]
[BlackTeam "Duelmen"]
[WhiteTeamCountry "GER"]
[BlackTeamCountry "GER"]

1. c4 Nf6 2. Nc3 g6 3. g3 Bg7 4. Bg2 O-O 5. d4 c6 6. Nf3 d5 7. cxd5 cxd5 8. Ne5
Nc6 9. Nxc6 bxc6 10. O-O Bf5 11. Bf4 Qb6 12. Qd2 Rfd8 13. Rfd1 Ne4 14. Nxe4
dxe4 15. Bh6 Bxd4 16. Qf4 Bxb2 17. Rab1 e3 0-1

[Event "Muensterland Regionalliga 2122"]
[Site "Germany"]
[Date "2021.10.02"]
[Round "1.2"]
[White "Grund, Wolfgang"]
[Black "Vogenauer, Nikolas"]
[Result "1/2-1/2"]
[WhiteElo "1913"]
[BlackElo "1926"]
[PlyCount "59"]
[EventDate "2021.??.??"]
[EventType "team"]
[EventRounds "11"]
[EventCountry "GER"]
[SourceTitle "Verband Muensterland"]
[SourceDate "2021.10.03"]
[SourceVersion "1"]
[SourceVersionDate "2021.10.03"]
[SourceQuality "1"]
[WhiteTeam "Duelmen"]
[BlackTeam "Muenster SK IV"]
[WhiteTeamCountry "GER"]
[BlackTeamCountry "GER"]

1. e4 e5 2. Nf3 Nc6 3. Bc4 Bc5 4. b4 Bxb4 5. c3 Ba5 6. O-O d6 7. Qb3 Qf6 8. d4
Bb6 9. dxe5 Nxe5 10. Nxe5 dxe5 11. Kh1 Ne7 12. f4 O-O 13. f5 Nc6 14. Qd1 Na5
15. Be2 Rd8 16. Qe1 Bd7 17. g4 Bc6 18. Bf3 Rd3 19. g5 Qd8 20. h4 Nc4 21. Qe2
Ne3 22. Bxe3 Rxe3 23. Qg2 Qd3 24. Nd2 Rd8 25. Rad1 Qc2 26. Nc4 Qxg2+ 27. Kxg2
Red3 28. Rxd3 Rxd3 29. Nxe5 Rd2+ 30. Kg3 1/2-1/2

[Event "Muensterland Regionalliga 2122"]
[Site "Germany"]
[Date "2021.10.02"]
[Round "1.4"]
[White "Rebber, Christian"]
[Black "Voss, Andreas"]
[Result "0-1"]
[WhiteElo "1835"]
[BlackElo "1839"]
[PlyCount "80"]
[EventDate "2021.??.??"]
[EventType "team"]
[EventRounds "11"]
[EventCountry "GER"]
[SourceTitle "Verband Muensterland"]
[SourceDate "2021.10.03"]
[SourceVersion "1"]
[SourceVersionDate "2021.10.03"]
[SourceQuality "1"]
[WhiteTeam "Duelmen"]
[BlackTeam "Muenster SK IV"]
[WhiteTeamCountry "GER"]
[BlackTeamCountry "GER"]

1. b4 e5 2. Bb2 Bxb4 3. Bxe5 Nf6 4. e3 O-O 5. Nf3 d5 6. Be2 c5 7. O-O Nc6 8.
Bb2 Re8 9. d3 Bg4 10. Nbd2 b5 11. a3 Ba5 12. Nb3 Bb6 13. a4 bxa4 14. Rxa4 Bd7
15. Ra1 a5 16. c4 dxc4 17. dxc4 Bf5 18. Nbd2 Nb4 19. Bc3 Qe7 20. Qb3 Bc7 21.
Rfc1 Ng4 22. Nf1 Rab8 23. Bxb4 Rxb4 24. Qa2 Reb8 25. Qd2 Rb2 26. Qe1 Ne5 27.
Ng3 Bg6 28. Rd1 Rc2 29. Nxe5 Bxe5 30. Rac1 Rxc1 31. Rxc1 a4 32. Qa5 Bb2 33. Rd1
a3 34. Bf3 h6 35. h3 Bc2 36. Rf1 Bb3 37. Bd5 a2 38. Ne4 a1=Q 39. Rxa1 Bxa1 40.
Qxa1 Bxc4 0-1

[Event "Muensterland Regionalliga 2122"]
[Site "Germany"]
[Date "2021.10.02"]
[Round "1.5"]
[White "Spangenberg, Victor"]
[Black "Eiersbrock, Marko"]
[Result "1-0"]
[WhiteElo "1678"]
[BlackElo "1821"]
[PlyCount "96"]
[EventDate "2021.??.??"]
[EventType "team"]
[EventRounds "11"]
[EventCountry "GER"]
[SourceTitle "Verband Muensterland"]
[SourceDate "2021.10.03"]
[SourceVersion "1"]
[SourceVersionDate "2021.10.03"]
[SourceQuality "1"]
[WhiteTeam "Muenster SK IV"]
[BlackTeam "Duelmen"]
[WhiteTeamCountry "GER"]
[BlackTeamCountry "GER"]

1. d4 d5 2. c4 c6 3. Nc3 Nf6 4. Nf3 e6 5. Bg5 Nbd7 6. e3 Bd6 7. Bd3 b6 8. O-O
Ba6 9. cxd5 Bxd3 10. Qxd3 cxd5 11. Nb5 Bb8 12. Qa3 Qe7 13. Rac1 Qxa3 14. bxa3
Ke7 15. Rc6 a6 16. Nc7 Ra7 17. Rfc1 Rg8 18. Bf4 Ne4 19. h4 h6 20. g4 g5 21.
hxg5 hxg5 22. Bh2 Rh8 23. R1c2 Rh7 24. a4 Rb7 25. Nxa6 Bxh2+ 26. Nxh2 Ra7 27.
Nb4 Rxa4 28. Nd3 f6 29. Nf3 Ra3 30. Nb4 Rh8 31. Rc7 Rha8 32. Rb7 Rc3 33. Ne1
Rxc2 34. Nexc2 Kd6 35. f3 Nd2 36. Kf2 Nc4 37. e4 dxe4 38. fxe4 e5 39. dxe5+
Ncxe5 40. Kg3 Nc6 41. Nd5 Nc5 42. Nxb6 Rxa2 43. Nc4+ Ke6 44. Rb6 Kd7 45. Rxc6
Nxe4+ 46. Kf3 Rxc2 47. Ne5+ fxe5 48. Rxc2 Ke6 1-0

[Event "Muensterland Regionalliga 2122"]
[Site "Germany"]
[Date "2021.10.02"]
[Round "1.6"]
[White "Gehlen, Horst"]
[Black "Baumann, Eva"]
[Result "1-0"]
[WhiteElo "1749"]
[BlackElo "1674"]
[PlyCount "35"]
[EventDate "2021.??.??"]
[EventType "team"]
[EventRounds "11"]
[EventCountry "GER"]
[SourceTitle "Verband Muensterland"]
[SourceDate "2021.10.03"]
[SourceVersion "1"]
[SourceVersionDate "2021.10.03"]
[SourceQuality "1"]
[WhiteTeam "Duelmen"]
[BlackTeam "Muenster SK IV"]
[WhiteTeamCountry "GER"]
[BlackTeamCountry "GER"]

1. e4 e5 2. Nf3 Nc6 3. d4 exd4 4. Nxd4 Nf6 5. Nc3 Bb4 6. Bg5 d6 7. Bb5 Bd7 8.
O-O O-O 9. Nd5 Bc5 10. Bxc6 bxc6 11. Nxf6+ gxf6 12. Bh6 Bxd4 13. Bxf8 Bxb2 14.
Rb1 Rb8 15. Bh6 f5 16. Rxb2 Rxb2 17. Qd4 Rxc2 18. Qg7# 1-0

[Event "Muensterland Regionalliga 2122"]
[Site "Germany"]
[Date "2021.10.02"]
[Round "1.7"]
[White "John, Niklas"]
[Black "Liebing, Ingo"]
[Result "1-0"]
[WhiteElo "1611"]
[BlackElo "1751"]
[PlyCount "64"]
[EventDate "2021.??.??"]
[EventType "team"]
[EventRounds "11"]
[EventCountry "GER"]
[SourceTitle "Verband Muensterland"]
[SourceDate "2021.10.03"]
[SourceVersion "1"]
[SourceVersionDate "2021.10.03"]
[SourceQuality "1"]
[WhiteTeam "Muenster SK IV"]
[BlackTeam "Duelmen"]
[WhiteTeamCountry "GER"]
[BlackTeamCountry "GER"]

1. e4 d5 2. exd5 Qxd5 3. Nc3 Qd6 4. Nf3 Nf6 5. d4 a6 6. Bc4 b5 7. Bb3 Bb7 8.
O-O e6 9. Re1 c5 10. a4 c4 11. Ba2 Qc6 12. axb5 axb5 13. Bf4 Bb4 14. Bxc4 Bxc3
15. bxc3 O-O 16. Rxa8 Bxa8 17. Bf1 Nd5 18. Bd2 Nd7 19. Qb1 Rb8 20. Qb3 N7f6 21.
Ne5 Qb7 22. f3 Nc7 23. Rb1 Nfd5 24. Nd7 Rd8 25. Nc5 Qa7 26. Bxb5 Rb8 27. c4 Ne7
28. Bc3 Nxb5 29. cxb5 Bd5 30. b6 Bxb3 31. bxa7 Ra8 32. Rxb3 Nc6 1-0

[Event "Muensterland Regionalliga 2122"]
[Site "Germany"]
[Date "2021.10.02"]
[Round "1.8"]
[White "Stegemann, Norbert"]
[Black "Weber, Daniela"]
[Result "1/2-1/2"]
[WhiteElo "1852"]
[BlackElo "1516"]
[PlyCount "139"]
[EventDate "2021.??.??"]
[EventType "team"]
[EventRounds "11"]
[EventCountry "GER"]
[SourceTitle "Verband Muensterland"]
[SourceDate "2021.10.03"]
[SourceVersion "1"]
[SourceVersionDate "2021.10.03"]
[SourceQuality "1"]
[WhiteTeam "Duelmen"]
[BlackTeam "Muenster SK IV"]
[WhiteTeamCountry "GER"]
[BlackTeamCountry "GER"]

1. c4 d6 2. g3 g6 3. Bg2 Nf6 4. Nc3 Bg7 5. d4 O-O 6. Nf3 c6 7. O-O Bf5 8. Re1
Qd7 9. e4 Bh3 10. Bh1 h6 11. Bf4 Nh5 12. Be3 Na6 13. Qd2 Kh7 14. Rad1 Nc7 15.
d5 c5 16. e5 Qg4 17. Qd3 Rad8 18. Ne4 b6 19. exd6 exd6 20. b3 Rfe8 21. Bd2 Nf6
22. Nxf6+ Bxf6 23. Bf4 Qd7 24. Nd2 Bd4 25. Ne4 Bf5 26. Qxd4 Bxe4 27. Qd2 Bxh1
28. Kxh1 g5 29. Qd3+ Kg7 30. Bc1 Rxe1+ 31. Rxe1 Re8 32. Bb2+ f6 33. Re3 Rxe3
34. Qxe3 Qe8 35. Qf3 Qe1+ 36. Kg2 Ne8 37. Bc3 Qe7 38. h4 Kg6 39. h5+ Kg7 40.
Qf5 Qf7 41. g4 Kf8 42. f4 Qe7 43. Kf3 Qf7 44. Qe4 Qe7 45. Qf5 Qf7 46. a4 Kg8
47. fxg5 fxg5 48. Ke4 Qxf5+ 49. Kxf5 Kf7 50. a5 Nc7 51. axb6 axb6 52. b4 Ne8
53. bxc5 bxc5 54. Bb2 Nc7 55. Bc3 Ne8 56. Ba5 Ng7+ 57. Ke4 Ne8 58. Bc3 Nc7 59.
Kf5 Ne8 60. Ba1 Nc7 61. Bf6 Ne8 62. Bxg5 hxg5 63. Kxg5 Nf6 64. Kf5 Ng8 65. g5
Ne7+ 66. Ke4 Kg7 67. Kf4 Kf7 68. Ke4 Kg7 69. Kf4 Kf7 70. Ke4 1/2-1/2

[Event "Muensterland Regionalliga 2122"]
[Site "Germany"]
[Date "2021.10.02"]
[Round "1.2"]
[White "Bernink, Henk"]
[Black "Bielderman, Guy"]
[Result "0-1"]
[WhiteElo "2028"]
[BlackElo "2164"]
[PlyCount "66"]
[EventDate "2021.??.??"]
[EventType "team"]
[EventRounds "11"]
[EventCountry "GER"]
[SourceTitle "Verband Muensterland"]
[SourceDate "2021.10.03"]
[SourceVersion "1"]
[SourceVersionDate "2021.10.03"]
[SourceQuality "1"]
[WhiteTeam "Metelen"]
[BlackTeam "Emsdetten Rochade"]
[WhiteTeamCountry "GER"]
[BlackTeamCountry "GER"]

1. d4 Nf6 2. c4 g6 3. Nc3 d5 4. Bf4 Bg7 5. e3 c5 6. dxc5 Qa5 7. Rc1 Ne4 8. cxd5
Nxc3 9. Qd2 Qxa2 10. bxc3 Qa5 11. c4 Qxc5 12. Nf3 Nd7 13. Be2 O-O 14. e4 b6 15.
Bh6 Nf6 16. Bxg7 Kxg7 17. e5 Ne4 18. Qd4 Qb4+ 19. Kf1 Nc5 20. e6+ f6 21. g4 a5
22. Qe3 Nb3 23. Rb1 a4 24. Kg2 Bb7 25. Nd4 Bxd5+ 26. cxd5 Qxd4 27. Rhd1 Qxe3
28. fxe3 Rfc8 29. d6 exd6 30. Rxd6 Rc2 31. Rd7+ Kg8 32. Kf2 Nc5 33. Rd6 Ne4+
0-1

[Event "Muensterland Regionalliga 2122"]
[Site "Germany"]
[Date "2021.10.02"]
[Round "1.3"]
[White "Hiller, Simon"]
[Black "Koch, Alexander"]
[Result "1/2-1/2"]
[WhiteElo "2146"]
[BlackElo "2011"]
[PlyCount "81"]
[EventDate "2021.??.??"]
[EventType "team"]
[EventRounds "11"]
[EventCountry "GER"]
[SourceTitle "Verband Muensterland"]
[SourceDate "2021.10.03"]
[SourceVersion "1"]
[SourceVersionDate "2021.10.03"]
[SourceQuality "1"]
[WhiteTeam "Emsdetten Rochade"]
[BlackTeam "Metelen"]
[WhiteTeamCountry "GER"]
[BlackTeamCountry "GER"]

1. Nf3 Nf6 2. c4 g6 3. g3 Bg7 4. Bg2 d5 5. cxd5 Nxd5 6. O-O O-O 7. d4 c6 8. e4
Nc7 9. Nc3 Bg4 10. Be3 Qc8 11. Qb3 Nba6 12. Rac1 Ne6 13. Ne2 Qd7 14. Rfd1 Nd8
15. Rd2 Qe6 16. Qxe6 Nxe6 17. h3 Bxf3 18. Bxf3 Nec7 19. d5 cxd5 20. exd5 Nb5
21. Nf4 Rac8 22. Rxc8 Rxc8 23. Be2 Rc1+ 24. Kg2 Nd6 25. Bxa6 bxa6 26. Bxa7 Rc7
27. Bb8 Rd7 28. Bxd6 Rxd6 29. Rc2 g5 30. Rc8+ Bf8 31. Ne2 Rxd5 32. Nc3 Re5 33.
b4 Kg7 34. Ra8 Re6 35. a4 Rc6 36. Ne4 e6 37. Nxg5 h6 38. Nf3 Bxb4 39. Ra7 Bc3
40. Rb7 Rc4 41. Rb3 1/2-1/2

[Event "Muensterland Regionalliga 2122"]
[Site "Germany"]
[Date "2021.10.02"]
[Round "1.4"]
[White "Poelstra, Ben"]
[Black "Lemli, Thomas"]
[Result "1/2-1/2"]
[WhiteElo "1990"]
[BlackElo "1997"]
[PlyCount "123"]
[EventDate "2021.??.??"]
[EventType "team"]
[EventRounds "11"]
[EventCountry "GER"]
[SourceTitle "Verband Muensterland"]
[SourceDate "2021.10.03"]
[SourceVersion "1"]
[SourceVersionDate "2021.10.03"]
[SourceQuality "1"]
[WhiteTeam "Metelen"]
[BlackTeam "Emsdetten Rochade"]
[WhiteTeamCountry "GER"]
[BlackTeamCountry "GER"]

1. e4 e6 2. d4 d5 3. e5 c5 4. c3 Ne7 5. Nf3 Nec6 6. a3 c4 7. Bf4 Na5 8. Nbd2
Qc7 9. Bg3 Bd7 10. Be2 Nbc6 11. O-O O-O-O 12. b4 cxb3 13. Nxb3 Nxb3 14. Qxb3
Na5 15. Qa2 Be7 16. c4 Bc6 17. c5 g5 18. a4 h5 19. h4 gxh4 20. Bxh4 Rdg8 21. g3
Rg4 22. Qd2 Nb3 23. Qc2 Nxa1 24. Rxa1 Rhg8 25. Kg2 Qd7 26. Kh3 Bxh4 27. Nxh4
R4g5 28. a5 a6 29. Rb1 Qc7 30. Qc3 Qd7 31. Kh2 Qc7 32. Kh3 Qd8 33. Rb6 Kd7 34.
Qb4 Qc7 35. Qd2 f6 36. Nf3 R5g6 37. Nh4 Rg5 38. Qf4 f5 39. Ng2 Qd8 40. Nh4 Qe7
41. Ng2 R5g7 42. Qd2 h4 43. Nxh4 Rh8 44. Qb2 f4 45. Rxb7+ Bxb7 46. Qxb7+ Ke8
47. Qc8+ Qd8 48. Qxe6+ Kf8 49. Bg4 fxg3 50. fxg3 Rgh7 51. Kg2 Rxh4 52. gxh4
Qxh4 53. Qf5+ Kg7 54. Bh3 Rh5 55. Qd7+ Kf8 56. Qc8+ Kg7 57. Qd7+ Kf8 58. Qc8+
Kg7 59. Qb7+ Kf8 60. Qc8+ Kg7 61. Qd7+ Kf8 62. Qc8+ 1/2-1/2

[Event "Muensterland Regionalliga 2122"]
[Site "Germany"]
[Date "2021.10.02"]
[Round "1.5"]
[White "Mueller, Achim"]
[Black "Grotenhuis, Gerard"]
[Result "1/2-1/2"]
[WhiteElo "1987"]
[BlackElo "1924"]
[PlyCount "101"]
[EventDate "2021.??.??"]
[EventType "team"]
[EventRounds "11"]
[EventCountry "GER"]
[SourceTitle "Verband Muensterland"]
[SourceDate "2021.10.03"]
[SourceVersion "1"]
[SourceVersionDate "2021.10.03"]
[SourceQuality "1"]
[WhiteTeam "Emsdetten Rochade"]
[BlackTeam "Metelen"]
[WhiteTeamCountry "GER"]
[BlackTeamCountry "GER"]

1. e4 e6 2. d4 d5 3. exd5 exd5 4. Nf3 Nf6 5. Bd3 Bd6 6. Qe2+ Qe7 7. Qxe7+ Bxe7
8. O-O h6 9. Re1 Be6 10. Bf4 c6 11. Nbd2 Nbd7 12. h3 O-O-O 13. Re2 g5 14. Bh2
g4 15. hxg4 Nxg4 16. Bg3 Rdg8 17. c4 Bf6 18. cxd5 Bxd5 19. Ne4 Bxe4 20. Rxe4 h5
21. Bh4 Rg7 22. Rae1 Bxh4 23. Nxh4 Ngf6 24. Nf5 Nxe4 25. Nxg7 Nd6 26. Nf5 Kc7
27. Re7 f6 28. Rg7 b5 29. Ne3 a6 30. Rh7 Rxh7 31. Bxh7 Nc4 32. Nxc4 bxc4 33.
Bg8 Nb6 34. g3 Kd6 35. Kf1 c5 36. dxc5+ Kxc5 37. Ke2 Na4 38. b3 Nc3+ 39. Kf3
Nxa2 40. Bxc4 a5 41. Bf7 Nc1 42. Bxh5 Nxb3 43. Be8 Nd4+ 44. Ke3 Nb5 45. g4 a4
46. f4 a3 47. Bf7 Nc3 48. Bb3 a2 49. Bxa2 Nxa2 50. Ke4 Kd6 51. Kf5 1/2-1/2

[Event "Muensterland Regionalliga 2122"]
[Site "Germany"]
[Date "2021.10.02"]
[Round "1.6"]
[White "Wigger, Frank"]
[Black "Delere, Adrian"]
[Result "1-0"]
[WhiteElo "1838"]
[BlackElo "1880"]
[PlyCount "49"]
[EventDate "2021.??.??"]
[EventType "team"]
[EventRounds "11"]
[EventCountry "GER"]
[SourceTitle "Verband Muensterland"]
[SourceDate "2021.10.03"]
[SourceVersion "1"]
[SourceVersionDate "2021.10.03"]
[SourceQuality "1"]
[WhiteTeam "Metelen"]
[BlackTeam "Emsdetten Rochade"]
[WhiteTeamCountry "GER"]
[BlackTeamCountry "GER"]

1. e4 e5 2. Bc4 Nf6 3. d4 exd4 4. Nf3 Nc6 5. e5 d5 6. Bb5 Ne4 7. Nxd4 Bd7 8.
Bxc6 Bxc6 9. O-O Bc5 10. Be3 O-O 11. f3 Ng5 12. f4 Ne4 13. Nd2 Qe7 14. Nxe4
dxe4 15. Qe2 Bxd4 16. Bxd4 b6 17. f5 Rad8 18. f6 Qe6 19. Bc3 Rd5 20. Qe3 Qg4
21. h3 Qh4 22. Rf4 Qh5 23. Rg4 g6 24. Rf1 h6 25. Rf5 1-0

[Event "Muensterland Regionalliga 2122"]
[Site "Germany"]
[Date "2021.10.02"]
[Round "1.7"]
[White "Weist, Thorsten"]
[Black "Bueckers, Bernhard"]
[Result "1/2-1/2"]
[WhiteElo "1742"]
[BlackElo "1701"]
[PlyCount "32"]
[EventDate "2021.??.??"]
[EventType "team"]
[EventRounds "11"]
[EventCountry "GER"]
[SourceTitle "Verband Muensterland"]
[SourceDate "2021.10.03"]
[SourceVersion "1"]
[SourceVersionDate "2021.10.03"]
[SourceQuality "1"]
[WhiteTeam "Emsdetten Rochade"]
[BlackTeam "Metelen"]
[WhiteTeamCountry "GER"]
[BlackTeamCountry "GER"]

1. d4 d5 2. Nf3 Nf6 3. c4 e6 4. Nc3 Nbd7 5. Bg5 Be7 6. e3 O-O 7. Rc1 c6 8. Bd3
Re8 9. O-O h6 10. Bh4 a6 11. c5 e5 12. dxe5 Ng4 13. e6 fxe6 14. Nd4 Bxh4 15.
Qxg4 Ne5 16. Qe2 Nxd3 1/2-1/2

[Event "Muensterland Regionalliga 2122"]
[Site "Germany"]
[Date "2021.10.02"]
[Round "1.8"]
[White "Gravenkoetter, Christian"]
[Black "Borgmann, Simon"]
[Result "1/2-1/2"]
[WhiteElo "1637"]
[BlackElo "1602"]
[PlyCount "42"]
[EventDate "2021.??.??"]
[EventType "team"]
[EventRounds "11"]
[EventCountry "GER"]
[SourceTitle "Verband Muensterland"]
[SourceDate "2021.10.03"]
[SourceVersion "1"]
[SourceVersionDate "2021.10.03"]
[SourceQuality "1"]
[WhiteTeam "Metelen"]
[BlackTeam "Emsdetten Rochade"]
[WhiteTeamCountry "GER"]
[BlackTeamCountry "GER"]

1. e4 d5 2. e5 e6 3. f4 c5 4. Nf3 Ne7 5. d4 Nec6 6. c3 Nd7 7. Bb5 a6 8. Bxc6
bxc6 9. O-O Be7 10. Qc2 Qb6 11. f5 cxd4 12. cxd4 c5 13. fxe6 Qxe6 14. Bg5 O-O
15. Bxe7 Qxe7 16. Nc3 Bb7 17. Rae1 cxd4 18. Nxd4 Qc5 19. Qf2 Rae8 20. Nf3 Qxf2+
21. Rxf2 Nb6 1/2-1/2